000 00849nam a2200229Ii 4500
003 JO-AjNU
008 230605s9999||||xx |||||||||||||| ||und||
017 _a2000/4202
020 _a977-01-6635-9
040 _aJO-AjNU
_bara
_erda
_cJO-AjNU
041 _aara
050 1 4 _aD162..8.J36 2000
100 3 _a ترجمة وتعليق حبشي، حسن,
_eauthor
_918995
245 0 0 _aالحرب الصليبيىة الثالثة: صلاح الدين وريتشارد، الجزء الأول
264 3 1 _aالقاهرة: الهيئة المصرية العامة للكتاب، 2000
300 _aج1، 333ص
336 _atext
_btxt
_2rdacontent
337 _aunmediated
_bn
_2rdamedia
338 _avolume
_bnc
_2rdacarrier
490 0 _aتاريخ المصريين؛ 181
650 4 _aالحرب الصليبية الثالثة -تاريخ
_918996
999 _aA6179
_c9747
_d9747